| 000 | 00755cam a22002174a 4500 | ||
|---|---|---|---|
| 005 | 20250605164147.0 | ||
| 008 | 250528s ||||||||||||||||||||||||d | ||
| 035 | _a19239 | ||
| 020 | _a880225408 | ||
| 040 |
_aGR-AtMCL _bgre _dGR-AtMCL _eAACR2 |
||
| 245 | 1 | _aΛεξικό Πληροφορικής / Εύχρηστος Οδηγός όλων των Όρων Πληροφορικής | |
| 250 | _a1η | ||
| 260 |
_bΓκιούρδας, _c1990 |
||
| 300 | _a530 | ||
| 520 | _aΤο πλήρες, εύχρηστο λεξικό για όποιον θέλει να εργαστεί με ένα προσωπικό Υπολογιστή. | ||
| 700 | 1 |
_aPfaffenberger Bryan Ph.D _95476 |
|
| 942 | _cBK | ||
| 999 |
_c4505 _d4505 |
||